[Event "Hamburg Harburg-ch B"]
[Site "Hamburg"]
[Date "2003.06.22"]
[Round "5"]
[White "Dahle, Gerhard"]
[Black "Hamann, Marcus"]
[Result "0-1"]
[WhiteElo "1743"]
[BlackElo "1534"]
[PlyCount "120"]
[EventDate "2003.06.20"]
[SourceDate "2003.01.01"]

1. e4 c5 2. Nf3 Nc6 3. d4 cxd4 4. Nxd4 Nf6 5. Nc3 a6 6. Be2 d6 7. O-O Bd7 8.
Kh1 Nxd4 9. Qxd4 e5 10. Qd1 Bc6 11. f3 Be7 12. Be3 O-O 13. Bc4 Qc7 14. Bb3 Rac8
15. Qd2 Rfd8 16. Qf2 Qd7 17. Bb6 Rf8 18. Rad1 Bd8 19. Be3 h6 20. g4 b5 21. g5
hxg5 22. Bxg5 Ng4 23. Qh4 Ne3 24. Bxd8 Qxd8 25. Qg3 Nxf1 26. Rxf1 Qf6 27. Rg1
b4 28. Nd1 Bd7 29. Ne3 Be6 30. Nf5 Bxf5 31. exf5 Kh7 32. Qh3+ Qh6 33. Qg4 g6
34. Bxf7 Rxc2 35. fxg6+ Kg7 36. h3 Rh8 37. Be6 Qd2 38. Qg3 Qf2 39. Qg2 Qxg2+
40. Rxg2 Rxg2 41. Kxg2 Kxg6 42. Kg3 Kf6 43. Bc4 a5 44. a3 Rb8 45. a4 Rc8 46.
Bd5 Rc5 47. Bb3 d5 48. Kf2 d4 49. Ke2 Kg5 50. Kd3 Kf4 51. h4 Kxf3 52. h5 Rc7
53. Bg8 Rg7 54. Bd5+ Kf4 55. Kc4 Rh7 56. Kb5 Rxh5 57. Bf7 Rh2 58. Kxa5 Rxb2 59.
Bc4 Ke3 60. Kb5 d3 0-1

[Event "Hamburg Harburg-ch B"]
[Site "Hamburg"]
[Date "2003.06.22"]
[Round "5"]
[White "Schroeder, Kai Uwe"]
[Black "Scheuer, Christian"]
[Result "1/2-1/2"]
[WhiteElo "1663"]
[BlackElo "1718"]
[PlyCount "23"]
[EventDate "2003.06.20"]
[SourceDate "2003.01.01"]

1. e4 c5 2. d3 Nc6 3. Nd2 g6 4. g3 Bg7 5. Bg2 d6 6. f4 e6 7. Ngf3 Nge7 8. O-O
O-O 9. c3 Qc7 10. Nc4 b5 11. Ne3 Qb6 12. Kh1 1/2-1/2

[Event "Hamburg Harburg-ch B"]
[Site "Hamburg"]
[Date "2003.06.22"]
[Round "5"]
[White "Wolkenhauer, Dennis"]
[Black "Westerbeck, Thorsten"]
[Result "0-1"]
[WhiteElo "1580"]
[BlackElo "1538"]
[PlyCount "59"]
[EventDate "2003.06.20"]
[SourceDate "2003.01.01"]

1. d4 Nf6 2. Nf3 g6 3. Bg5 Bg7 4. Nbd2 O-O 5. e4 d6 6. Bc4 Nbd7 7. O-O e5 8. d5
a5 9. a3 h6 10. Bxf6 Nxf6 11. b4 Bg4 12. Be2 Nh5 13. h3 Bd7 14. Ne1 Nf4 15. Nd3
f5 16. Nxf4 exf4 17. Ra2 axb4 18. Qb1 Rxa3 19. Rxa3 bxa3 20. Qa2 Bb2 21. f3 Qf6
22. Rb1 Qd4+ 23. Kf1 Qxd2 24. Rxb2 axb2 25. Qxb2 b6 26. e5 Qxd5 27. exd6 Qxd6
28. Bc4+ Be6 29. Bxe6+ Qxe6 30. Qc3 0-1

[Event "Hamburg Harburg-ch C"]
[Site "Hamburg"]
[Date "2003.06.20"]
[Round "1"]
[White "Guennigmann, Manuel"]
[Black "Rulfs, Ernst August"]
[Result "1-0"]
[WhiteElo "976"]
[BlackElo "1508"]
[PlyCount "61"]
[EventDate "2003.06.20"]
[SourceDate "2003.01.01"]

1. e4 e6 2. d4 d5 3. exd5 exd5 4. Bd3 Nc6 5. c3 Bd6 6. Qc2 Nf6 7. Bg5 Qe7+ 8.
Ne2 Bg4 9. O-O O-O-O 10. h3 Be6 11. Re1 Qd7 12. Bxf6 gxf6 13. Nd2 Bxh3 14. Bxh7
Qg4 15. Ng3 Bxg3 16. fxg3 Qxg3 17. Bf5+ Bxf5 18. Qxf5+ Kb8 19. Qxf6 Rdg8 20.
Qf3 Qh2+ 21. Kf1 Qh1+ 22. Kf2 Qh4+ 23. Kg1 Qh2+ 24. Kf1 Rg3 25. Qf2 Rhg8 26.
Re2 Nd8 27. Nf3 Qh1+ 28. Ng1 Ne6 29. Rae1 R8g4 30. Rxe6 Qxg1+ 31. Kxg1 1-0

[Event "Hamburg Harburg-ch C"]
[Site "Hamburg"]
[Date "2003.06.20"]
[Round "1"]
[White "Mikat, Christian"]
[Black "Guennigmann, Laura"]
[Result "1-0"]
[WhiteElo "1381"]
[BlackElo "834"]
[PlyCount "39"]
[EventDate "2003.06.20"]
[SourceDate "2003.01.01"]

1. e4 c5 2. Nf3 d6 3. d4 cxd4 4. Nxd4 e6 5. Nc3 Nf6 6. Bg5 Be7 7. f4 O-O 8. Bd3
Nc6 9. Nxc6 bxc6 10. Bxf6 Bxf6 11. e5 dxe5 12. fxe5 Be7 13. Qf3 Bb7 14. O-O-O
Qc7 15. Qe4 f5 16. exf6 Rxf6 17. Qxh7+ Kf8 18. Rhf1 c5 19. Bg6 Rxf1 20. Qh8#
1-0

[Event "Hamburg Harburg-ch C"]
[Site "Hamburg"]
[Date "2003.06.21"]
[Round "2"]
[White "Rulfs, Ernst August"]
[Black "Mikat, Christian"]
[Result "1-0"]
[WhiteElo "1508"]
[BlackElo "1381"]
[PlyCount "99"]
[EventDate "2003.06.20"]
[SourceDate "2003.01.01"]

1. Nf3 Nf6 2. c4 c5 3. g3 d6 4. Bg2 Nc6 5. Nc3 e6 6. O-O Be7 7. b3 a6 8. Bb2 e5
9. Nd5 Nxd5 10. cxd5 Na7 11. a4 b5 12. d3 bxa4 13. bxa4 Rb8 14. Rb1 Bd7 15. Nd2
Rb4 16. a5 Qxa5 17. Bc3 Rxb1 18. Nxb1 Qc7 19. Qd2 O-O 20. f4 exf4 21. Qxf4 Nb5
22. Bb2 Qd8 23. Nc3 Bg5 24. Qf3 Nd4 25. Qf2 Qe7 26. Ne4 Nf5 27. Nxg5 Qxg5 28.
Bc1 Qe7 29. Bb2 Qe3 30. Bh3 Qxf2+ 31. Rxf2 Nxg3 32. Bxd7 Rb8 33. e4 Nh5 34. Rg2
g6 35. e5 Nf4 36. Rd2 Nxd5 37. exd6 Rd8 38. Re2 h5 39. Re8+ Rxe8 40. Bxe8 Kf8
41. Bc6 Nb4 42. Ba4 Nd5 43. Ba3 Nb4 44. d4 f5 45. dxc5 a5 46. c6 Nxc6 47. Bxc6
Kf7 48. d7 g5 49. d8=Q g4 50. Bd5+ 1-0

[Event "Hamburg Harburg-ch C"]
[Site "Hamburg"]
[Date "2003.06.21"]
[Round "2"]
[White "Schoknecht, Sabine"]
[Black "Guennigmann, Laura"]
[Result "1-0"]
[WhiteElo "1410"]
[BlackElo "834"]
[PlyCount "73"]
[EventDate "2003.06.20"]
[SourceDate "2003.01.01"]

1. d4 d5 2. g3 Bf5 3. Bg2 Nf6 4. Nf3 e6 5. O-O Bd6 6. Nbd2 O-O 7. c4 Re8 8. c5
Be7 9. Ne5 Nc6 10. Nxc6 bxc6 11. Nf3 a5 12. Ne5 Ra6 13. f3 Qb8 14. Re1 h6 15.
Bf1 Qa8 16. e4 dxe4 17. Bxa6 Qxa6 18. g4 Bh7 19. f4 Rd8 20. Qa4 Re8 21. g5 hxg5
22. fxg5 Nd5 23. Nxc6 f6 24. Rf1 fxg5 25. Ne5 Rf8 26. Rxf8+ Kxf8 27. Qc2 Kg8
28. Qf2 Bf6 29. Nd7 Kh8 30. Bd2 Qd3 31. Nxf6 gxf6 32. Re1 f5 33. Bxg5 Nb4 34.
Bf6+ Kg8 35. Qg2+ Kf8 36. Qg7+ Ke8 37. Qe7# 1-0

[Event "Hamburg Harburg-ch C"]
[Site "Hamburg"]
[Date "2003.06.21"]
[Round "2"]
[White "Will, Andreas"]
[Black "Guennigmann, Manuel"]
[Result "1/2-1/2"]
[WhiteElo "1528"]
[BlackElo "976"]
[PlyCount "30"]
[EventDate "2003.06.20"]
[SourceDate "2003.01.01"]

1. e4 c5 2. Nf3 d6 3. d4 cxd4 4. Nxd4 Nf6 5. Nc3 e6 6. Bc4 Qc7 7. Bb3 a6 8. a4
Nbd7 9. O-O Nc5 10. Re1 Nxb3 11. Nxb3 Be7 12. h3 O-O 13. Be3 b6 14. Qd4 Nd7 15.
Qd2 Bb7 1/2-1/2

[Event "Hamburg Harburg-ch C"]
[Site "Hamburg"]
[Date "2003.06.21"]
[Round "3"]
[White "Guennigmann, Laura"]
[Black "Rulfs, Ernst August"]
[Result "0-1"]
[WhiteElo "834"]
[BlackElo "1508"]
[PlyCount "62"]
[EventDate "2003.06.20"]
[SourceDate "2003.01.01"]

1. e4 c5 2. Nf3 Nc6 3. d4 cxd4 4. Nxd4 Nf6 5. Nc3 a6 6. Bc4 e6 7. f3 Bc5 8. Be3
O-O 9. Nxc6 Qb6 10. Bxc5 Qxc5 11. Bxe6 dxe6 12. e5 Nh5 13. Nd4 Qxe5+ 14. Nde2
Nf4 15. Rg1 b5 16. Qd2 Nd5 17. Nxd5 exd5 18. O-O-O Be6 19. h3 a5 20. Nf4 Rfd8
21. Nxe6 fxe6 22. Rge1 Qf6 23. Qe2 Re8 24. Kb1 b4 25. Qe5 Qg6 26. Qe2 Rac8 27.
Rc1 Rc6 28. Qf2 a4 29. Re2 Qf6 30. Rd2 a3 31. b3 Qb2# 0-1

[Event "Hamburg Harburg-ch C"]
[Site "Hamburg"]
[Date "2003.06.21"]
[Round "3"]
[White "Guennigmann, Manuel"]
[Black "Schoknecht, Sabine"]
[Result "0-1"]
[WhiteElo "976"]
[BlackElo "1410"]
[PlyCount "114"]
[EventDate "2003.06.20"]
[SourceDate "2003.01.01"]

1. e4 e6 2. d4 g6 3. Nf3 Bg7 4. Be2 Ne7 5. O-O b6 6. Bf4 Nbc6 7. c3 Bb7 8. Nbd2
d5 9. e5 h6 10. Nb3 Nf5 11. h3 g5 12. Bd2 Nce7 13. Bd3 Ng6 14. Qc2 Qd7 15. Rfe1
a6 16. Re2 Qe7 17. Rae1 Bc8 18. Bxf5 exf5 19. e6 Bxe6 20. g4 fxg4 21. Qxg6 fxg6
22. Rxe6 Qxe6 23. Rxe6+ Kf7 24. Nxg5+ hxg5 25. Rc6 Rac8 26. hxg4 Rhe8 27. Bxg5
Re6 28. Rxe6 Kxe6 29. f4 Rh8 30. Nc1 Bh6 31. Bxh6 Rxh6 32. Kg2 Rh4 33. Kf3 Kf6
34. Nd3 Rh3+ 35. Ke2 Rg3 36. Nf2 Ke6 37. a3 c6 38. Kd2 c5 39. Ke2 cxd4 40. cxd4
b5 41. Kd2 Kd6 42. f5 gxf5 43. gxf5 Rf3 44. Nd3 Rxf5 45. Kc3 a5 46. b4 a4 47.
Kb2 Rh5 48. Kc3 Ke7 49. Nc5 Rh3+ 50. Nd3 Kf6 51. Kc2 Kf5 52. Kd2 Rg3 53. Kc2
Ke4 54. Nc1 Rxa3 55. Kb2 Re3 56. Kc2 Kxd4 57. Kd2 Rh3 0-1

[Event "Hamburg Harburg-ch C"]
[Site "Hamburg"]
[Date "2003.06.21"]
[Round "3"]
[White "Mikat, Christian"]
[Black "Will, Andreas"]
[Result "0-1"]
[WhiteElo "1381"]
[BlackElo "1528"]
[PlyCount "90"]
[EventDate "2003.06.20"]
[SourceDate "2003.01.01"]

1. e4 e6 2. d4 d5 3. exd5 exd5 4. Nf3 Nf6 5. Bd3 Bd6 6. Bg5 Bg4 7. Nbd2 Nbd7 8.
Qe2+ Qe7 9. Qxe7+ Bxe7 10. Ne5 Be6 11. Nxd7 Bxd7 12. O-O O-O 13. c3 Rae8 14.
Rfe1 Be6 15. Bf4 c6 16. f3 Nh5 17. Be3 Bd6 18. g3 Re7 19. f4 Rfe8 20. Bf2 Nf6
21. f5 Bd7 22. Rxe7 Rxe7 23. Re1 Rxe1+ 24. Bxe1 Ng4 25. h3 Ne3 26. g4 Nd1 27.
Bc2 Nxb2 28. Bf2 Bf4 29. Nf3 Nc4 30. Bd3 b5 31. Bxc4 dxc4 32. Ne5 Be8 33. Kf1
Bd2 34. Be1 Bf4 35. Bf2 a5 36. Ke2 f6 37. Nf3 b4 38. cxb4 axb4 39. Kd1 g6 40.
Be1 Bd6 41. fxg6 Bxg6 42. Kc1 c3 43. a4 Bf4+ 44. Bd2 b3 45. Kd1 b2 0-1

[Event "Hamburg Harburg-ch C"]
[Site "Hamburg"]
[Date "2003.06.22"]
[Round "4"]
[White "Guennigmann, Manuel"]
[Black "Mikat, Christian"]
[Result "1/2-1/2"]
[WhiteElo "976"]
[BlackElo "1381"]
[PlyCount "56"]
[EventDate "2003.06.20"]
[SourceDate "2003.01.01"]

1. e4 c5 2. Nf3 d6 3. d4 cxd4 4. Nxd4 Nf6 5. Nc3 a6 6. f3 e5 7. Nb3 Be6 8. Be3
d5 9. exd5 Nxd5 10. Nxd5 Qxd5 11. Qxd5 Bxd5 12. Nd2 Nd7 13. Rd1 Rc8 14. c4 Be6
15. Be2 Be7 16. b3 O-O 17. O-O f5 18. Rfe1 Bb4 19. Bf1 Rc6 20. Re2 Rd6 21. f4
e4 22. Rc1 Rd3 23. Nb1 Rxe3 24. Rxe3 Bc5 25. Kf2 Bxe3+ 26. Kxe3 Rc8 27. Rd1 Kf7
28. Nc3 g6 1/2-1/2

[Event "Hamburg Harburg-ch C"]
[Site "Hamburg"]
[Date "2003.06.22"]
[Round "4"]
[White "Schoknecht, Sabine"]
[Black "Rulfs, Ernst August"]
[Result "1-0"]
[WhiteElo "1410"]
[BlackElo "1508"]
[PlyCount "63"]
[EventDate "2003.06.20"]
[SourceDate "2003.01.01"]

1. d4 Nf6 2. g3 g6 3. Bg2 Bg7 4. c4 c5 5. d5 d6 6. Nc3 Nbd7 7. b3 a6 8. Bb2 Rb8
9. Qc2 b5 10. Ne4 Qa5+ 11. Bc3 b4 12. Bb2 O-O 13. Nh3 Qc7 14. f4 Ng4 15. Kd2
Ndf6 16. Nxf6+ Nxf6 17. Ng5 h6 18. Ne4 Bf5 19. Nxf6+ exf6 20. e4 Bd7 21. Rae1
a5 22. Qd1 Ra8 23. Qa1 Qd8 24. e5 fxe5 25. fxe5 Qg5+ 26. Re3 Rfe8 27. h4 Qe7
28. Rhe1 Qf8 29. e6 Bxb2 30. Qxb2 fxe6 31. dxe6 Qf2+ 32. R1e2 1-0

[Event "Hamburg Harburg-ch C"]
[Site "Hamburg"]
[Date "2003.06.22"]
[Round "4"]
[White "Will, Andreas"]
[Black "Guennigmann, Laura"]
[Result "1-0"]
[WhiteElo "1528"]
[BlackElo "834"]
[PlyCount "57"]
[EventDate "2003.06.20"]
[SourceDate "2003.01.01"]

1. e4 c5 2. c4 d6 3. d3 e6 4. Be2 Nf6 5. Be3 Be7 6. Nd2 O-O 7. f4 Bd7 8. Ngf3
Nc6 (8... Ng4 9. Bg1) 9. O-O a6 10. Qe1 Qa5 11. h3 Nb4 12. Nb3 Qc7 13. Qd1 b6
14. Nh2 a5 15. a3 a4 16. Nd2 (16. axb4 axb3 17. Qxb3 Bc6) 16... Nc6 17. Ndf3 h6
18. g4 Nh7 19. h4 f6 20. Rf2 Kh8 21. Rg2 Rg8 22. h5 Qd8 23. Nh4 Nf8 24. Qd2 Qe8
25. f5 Ne5 26. Bxh6 gxh6 27. Qxh6+ Nh7 28. Ng6+ Nxg6 29. hxg6 1-0

[Event "Hamburg Harburg-ch C"]
[Site "Hamburg"]
[Date "2003.06.22"]
[Round "5"]
[White "Mikat, Christian"]
[Black "Schoknecht, Sabine"]
[Result "0-1"]
[WhiteElo "1381"]
[BlackElo "1410"]
[PlyCount "82"]
[EventDate "2003.06.20"]
[SourceDate "2003.01.01"]

1. e4 e6 2. d4 g6 3. Nf3 Bg7 4. e5 Ne7 5. Be3 b6 6. Nbd2 Bb7 7. Bd3 d6 8. Bb5+
c6 9. exd6 Qxd6 10. Bd3 Qc7 11. Nb3 Nd7 12. Qc1 Nd5 13. Bd2 O-O-O 14. c4 Ba6
15. cxd5 Bxd3 16. Qxc6 exd5 17. Qxc7+ Kxc7 18. Bf4+ Kb7 19. Kd2 Bc4 20. Rhc1
Rhe8 21. Ng1 Nf6 22. f3 Nh5 23. Be3 Bf8 24. Ne2 Re6 25. Nc3 Rde8 26. Re1 f5 27.
Bf2 Bh6+ 28. Kc2 Nf4 29. g3 Bd3+ 30. Kd1 Ne2 31. f4 Nxc3+ 32. bxc3 Rxe1+ 33.
Bxe1 Bf8 34. Kd2 Bc4 35. Rb1 Re2+ 36. Kd1 Rxh2 37. Na5+ Kc7 38. Nxc4 dxc4 39.
Ra1 Ba3 40. Bd2 Rh1+ 41. Be1 Bb2 0-1

[Event "Hamburg Harburg-ch MT"]
[Site "Hamburg"]
[Date "2003.06.20"]
[Round "1"]
[White "Hawellek, Jeronimo"]
[Black "Reddmann, Hauke"]
[Result "1/2-1/2"]
[WhiteElo "2211"]
[BlackElo "2331"]
[PlyCount "57"]
[EventDate "2003.06.20"]
[SourceDate "2003.01.01"]

1. d4 Nf6 2. c4 e6 3. Nf3 Bb4+ 4. Bd2 Qe7 5. g3 O-O 6. Bg2 Bxd2+ 7. Qxd2 Ne4 8.
Qc2 Qb4+ 9. Nfd2 Nxd2 10. Nxd2 Nc6 11. e3 Qe7 12. O-O d6 13. Rac1 Bd7 14. a3
Nd8 15. c5 Bc6 16. e4 Bb5 17. Rfe1 Nc6 18. Nf3 a5 19. d5 Ne5 20. cxd6 Nxf3+ 21.
Bxf3 cxd6 22. Qc7 Qf6 23. Kg2 exd5 24. exd5 Ba6 25. Qb6 a4 26. Re3 Rfe8 27.
Rce1 Rxe3 28. Rxe3 g6 29. Qb4 1/2-1/2

[Event "Hamburg Harburg-ch MT"]
[Site "Hamburg"]
[Date "2003.06.20"]
[Round "1"]
[White "Hebbinghaus, Holger"]
[Black "Bach, Matthias"]
[Result "0-1"]
[WhiteElo "2218"]
[BlackElo "2280"]
[PlyCount "112"]
[EventDate "2003.06.20"]
[SourceDate "2003.01.01"]

1. e4 c5 2. Nc3 Nc6 3. Bb5 Nd4 4. Bc4 e6 5. Nf3 Ne7 6. Nxd4 cxd4 7. Ne2 Nc6 8.
d3 Bc5 9. O-O O-O 10. a3 d5 11. exd5 exd5 12. Ba2 Bg4 13. f3 Be6 14. Ng3 a5 15.
f4 f5 16. Qf3 Kh8 17. Bd2 Qd7 18. Rae1 Bg8 19. Re2 a4 20. Nh1 b5 21. Qf2 Rfe8
22. Rxe8 Rxe8 23. Ng3 b4 24. axb4 Bxb4 25. Bxb4 Nxb4 26. Bb1 Nc6 27. Ne2 Qe7
28. c3 Rb8 29. Nxd4 Nxd4 30. cxd4 Rb4 31. Rc1 Qb7 32. Rc2 a3 33. g3 Rxb2 34.
Rxb2 axb2 35. Kg2 h6 36. Kf3 Bf7 37. Ke3 Be8 38. Qd2 Ba4 39. Qc3 Kh7 40. Kd2
Qb5 41. Qc8 Qb4+ 42. Qc3 Qb6 43. Ke3 Kg6 44. Qc8 Qc6 45. Qxc6+ Bxc6 46. Kf3 Kh5
47. h3 Ba4 48. Ke2 g5 49. Ke3 Bd1 50. fxg5 hxg5 51. Kf2 f4 52. Kg2 fxg3 53.
Kxg3 Bb3 54. Kf3 Kh4 55. Kg2 Ba4 56. Kh2 Bd7 0-1

[Event "Hamburg Harburg-ch MT"]
[Site "Hamburg"]
[Date "2003.06.20"]
[Round "1"]
[White "Menk, Rolf"]
[Black "Schoengart, Ralf"]
[Result "1-0"]
[WhiteElo "2130"]
[BlackElo "2061"]
[PlyCount "73"]
[EventDate "2003.06.20"]
[SourceDate "2003.01.01"]

1. d4 Nf6 2. Nf3 d5 3. Bg5 c6 4. e3 Bf5 5. Nbd2 Nbd7 6. c4 e6 7. c5 Be7 8. b4
h6 9. Bh4 O-O 10. Be2 Re8 11. O-O Ne4 12. Bxe7 Qxe7 13. Nxe4 Bxe4 14. b5 Bxf3
15. gxf3 e5 16. Rc1 Qf6 17. dxe5 Rxe5 18. f4 Re7 19. Qd2 Rae8 20. Rfd1 Qh4 21.
Bf3 Nf6 22. Qe2 Re6 23. Rd4 h5 24. Kh1 Ng4 25. Bxg4 hxg4 26. Rg1 Rh6 27. Rg2 f5
28. bxc6 bxc6 29. Rb4 Qe7 30. Qc2 Rf8 31. a4 Rh3 32. a5 Qc7 33. Qa4 Rf3 34. a6
Rb8 35. Qb3 Re8 36. Rb7 Qa5 37. Qb2 1-0

[Event "Hamburg Harburg-ch MT"]
[Site "Hamburg"]
[Date "2003.06.21"]
[Round "2"]
[White "Hawellek, Jeronimo"]
[Black "Menk, Rolf"]
[Result "1/2-1/2"]
[WhiteElo "2211"]
[BlackElo "2130"]
[Annotator "Hawellek"]
[PlyCount "107"]
[EventDate "2003.06.20"]

1. d4 g6 2. c4 f5 3. g3 Nf6 4. Bg2 Bg7 5. Nh3 Na6 6. Nc3 c5 7. d5 d6 8. Nf4 Nc7
9. h4 Ng4 10. e4 O-O 11. O-O Rb8 12. Qe2 a6 13. a4 b6 14. Bh3 Ne5 15. exf5 Bxf5
16. Bxf5 Rxf5 17. Bd2 Qe8 18. Kg2 Qf7 19. Nh3 Nf3 20. Ng5 Nxg5 21. Bxg5 h6 22.
Be3 e6 23. Ne4 Rd8 24. dxe6 Qxe6 25. Bf4 g5 26. hxg5 hxg5 27. Bd2 Re5 28. Rae1
Re8 29. f3 g4 30. Bf4 gxf3+ 31. Kxf3 Qf7 32. Qd3 d5 33. cxd5 Rxd5 34. Qc2 Ne6
35. Kg2 Qb7 36. Rf3 (36. Nf6+ $18) 36... Nd4 37. Nf6+ Bxf6 (37... Kf7 $19) 38.
Rxe8+ (38. Qg6+ Bg7 39. Rxe8#) 38... Kg7 39. Qe4 (39. Bh6+ $18) 39... Nxf3 40.
Qxf3 Rd7 41. Qxb7 Rxb7 {(=)} 42. b3 b5 43. axb5 Rxb5 44. Rb8 Kf7 45. Kf3 Ke6
46. Ke4 Be7 47. g4 Bd6 48. Bxd6 Kxd6 49. Ra8 Rxb3 50. Rxa6+ Ke7 51. g5 Rg3 52.
Kf5 c4 53. Rc6 c3 54. Kf4 {(=)} 1/2-1/2

[Event "Hamburg Harburg-ch MT"]
[Site "Hamburg"]
[Date "2003.06.21"]
[Round "2"]
[White "Reddmann, Hauke"]
[Black "Bach, Matthias"]
[Result "1/2-1/2"]
[WhiteElo "2331"]
[BlackElo "2280"]
[PlyCount "29"]
[EventDate "2003.06.20"]
[SourceDate "2003.01.01"]

1. d4 d5 2. Bf4 c5 3. dxc5 Nc6 4. e4 d4 5. Nf3 Bg4 6. e5 e6 7. Nbd2 Nge7 8. Bg5
Qd5 9. Bc4 Bxf3 10. Bxd5 Bxd1 11. Bxc6+ Nxc6 12. Rxd1 Bxc5 13. Ne4 Be7 14. Bxe7
Kxe7 15. f4 1/2-1/2

[Event "Hamburg Harburg-ch MT"]
[Site "Hamburg"]
[Date "2003.06.21"]
[Round "2"]
[White "Schoengart, Ralf"]
[Black "Hebbinghaus, Holger"]
[Result "0-1"]
[WhiteElo "2061"]
[BlackElo "2218"]
[PlyCount "54"]
[EventDate "2003.06.20"]
[SourceDate "2003.01.01"]

1. d4 Nf6 2. Nf3 c5 3. c3 cxd4 4. cxd4 d5 5. Nc3 Nc6 6. Bg5 Ne4 7. Bf4 Nxc3 8.
bxc3 g6 9. e3 Bg7 10. Be2 O-O 11. O-O b6 12. Rc1 Na5 13. Ne5 Bb7 14. Bf3 f6 15.
Nd3 Nc4 16. Bg3 Rc8 17. Re1 f5 18. h4 e6 19. Be2 Bf6 20. h5 g5 21. Be5 Nxe5 22.
dxe5 Bg7 23. g4 d4 24. exd4 Qd5 25. f3 Rxc3 26. Qa4 Rxd3 27. Bxd3 Qxf3 0-1

[Event "Hamburg Harburg-ch MT"]
[Site "Hamburg"]
[Date "2003.06.21"]
[Round "3"]
[White "Bach, Matthias"]
[Black "Schoengart, Ralf"]
[Result "1/2-1/2"]
[WhiteElo "2280"]
[BlackElo "2061"]
[PlyCount "125"]
[EventDate "2003.06.20"]
[SourceDate "2003.01.01"]

1. d4 Nf6 2. c4 e5 3. dxe5 Ng4 4. Bf4 Nc6 5. Nf3 Bb4+ 6. Nbd2 Qe7 7. e3 Ngxe5
8. Nxe5 Nxe5 9. Be2 O-O 10. O-O a5 11. Nb3 a4 12. a3 Ba5 13. Nd4 Bb6 14. Nb5 d6
15. Nc3 Be6 16. Bxe5 dxe5 17. Nxa4 Ba7 18. Nc3 f5 19. b4 f4 20. Nd5 Qf7 21.
exf4 c6 22. f5 Bxf5 23. Ne3 Bd4 24. Ra2 Be6 25. Qc1 Qg6 26. g3 Rf6 27. Re1 h5
28. Qd1 h4 29. Bg4 h3 30. Bxe6+ Rxe6 31. Qg4 Bxe3 32. Qxg6 Bxf2+ 33. Kxf2 Rf8+
34. Ke3 Rxg6 35. Rf2 Ra8 36. Ra1 Rg4 37. Rc2 Rd4 38. Raa2 Kf7 39. a4 Ke6 40. a5
g5 41. Ra3 Rd1 42. Rb2 Rc1 43. b5 Rxc4 44. bxc6 Rxc6 45. Rxb7 Raa6 46. Rh7 Kf5
47. Rxh3 Rc5 48. Rh5 Kg6 49. Rh8 Rcxa5 50. Rxa5 Rxa5 51. Ke4 Kg7 52. Re8 Kf6
53. Rf8+ Kg6 54. Rd8 Ra2 55. Rd6+ Kg7 56. Kxe5 Rxh2 57. Kf5 Ra2 58. Kxg5 Ra5+
59. Kh4 Ra1 60. g4 Ra2 61. Kh5 Ra5+ 62. g5 Ra7 63. Rg6+ 1/2-1/2

[Event "Hamburg Harburg-ch MT"]
[Site "Hamburg"]
[Date "2003.06.21"]
[Round "3"]
[White "Hebbinghaus, Holger"]
[Black "Hawellek, Jeronimo"]
[Result "1-0"]
[WhiteElo "2218"]
[BlackElo "2211"]
[PlyCount "93"]
[EventDate "2003.06.20"]
[SourceDate "2003.01.01"]

1. e4 d6 2. d4 Nf6 3. Nc3 g6 4. Nf3 Bg7 5. Be3 c6 6. Qd2 b5 7. Bd3 Nbd7 8. h3
Bb7 9. O-O O-O 10. Bh6 e5 11. Rfe1 Re8 12. Bxg7 Kxg7 13. dxe5 dxe5 14. a4 a6
15. Bf1 Nc5 16. Qe3 Qe7 17. b4 Ne6 18. Reb1 Qc7 19. Rb2 Rad8 20. Ne2 Nd4 21.
Ng3 Nxf3+ 22. Qxf3 Rd2 23. Bd3 Rd8 24. Rbb1 Qd6 25. Qe3 Rxd3 26. cxd3 Qxd3 27.
Qg5 Bc8 28. Qxe5 Re8 29. Nh5+ gxh5 30. Qg5+ Kf8 31. Qxf6 Qxe4 32. axb5 cxb5 33.
Qh8+ Ke7 34. Re1 Rxh8 35. Rxe4+ Kf6 36. Rf4+ Kg6 37. Rd4 Re8 38. Kf1 Re6 39.
Rad1 Kg7 40. Rc1 Bb7 41. f3 Re7 42. Rc5 Kg6 43. Kf2 f6 44. Rd6 Rf7 45. Rd8 f5
46. Rd6+ Kg7 47. Kg3 1-0

[Event "Hamburg Harburg-ch MT"]
[Site "Hamburg"]
[Date "2003.06.21"]
[Round "3"]
[White "Menk, Rolf"]
[Black "Reddmann, Hauke"]
[Result "1/2-1/2"]
[WhiteElo "2130"]
[BlackElo "2331"]
[PlyCount "79"]
[EventDate "2003.06.20"]
[SourceDate "2003.01.01"]

1. d4 Nf6 2. c3 d5 3. Bf4 e6 4. e3 Bd6 5. Nf3 O-O 6. Nbd2 b6 7. Bd3 Ba6 8. Qe2
Bxd3 9. Qxd3 Nbd7 10. O-O Re8 11. Bxd6 cxd6 12. e4 dxe4 13. Nxe4 Nxe4 14. Qxe4
Nf6 15. Qh4 b5 16. a3 a5 17. Ng5 h6 18. Ne4 Nd5 19. Qxd8 Rexd8 20. g3 Rac8 21.
Rac1 Rc6 22. Nd2 Nb6 23. Nb3 Ra8 24. Rfe1 Kf8 25. Kf1 Ke7 26. Ke2 Na4 27. Rc2
b4 28. axb4 axb4 29. c4 Nb6 30. Kd3 Kd7 31. Ra1 Rxa1 32. Nxa1 Rc7 33. Nb3 Ra7
34. c5 Nd5 35. cxd6 h5 36. h4 Kxd6 37. Rc8 g6 38. Rc2 Ke7 39. Kc4 Kf6 40. Re2
1/2-1/2

[Event "Hamburg Harburg-ch MT"]
[Site "Hamburg"]
[Date "2003.06.22"]
[Round "4"]
[White "Hawellek, Jeronimo"]
[Black "Bach, Matthias"]
[Result "1-0"]
[WhiteElo "2211"]
[BlackElo "2349"]
[PlyCount "115"]
[EventDate "2003.06.20"]
[SourceDate "2003.01.01"]

1. d4 d5 2. c4 e6 3. Nf3 c5 4. cxd5 exd5 5. g3 Nc6 6. Bg2 Nf6 7. O-O Be7 8.
dxc5 Bxc5 9. b3 Ne4 10. Bb2 O-O 11. Nc3 Nxc3 12. Bxc3 d4 13. Bb2 Re8 14. Qd3
Bg4 15. h3 Be6 16. Rfd1 Bd5 17. Nxd4 Bxg2 18. Kxg2 Bxd4 19. Bxd4 Nxd4 20. Qxd4
Qxd4 21. Rxd4 Rxe2 22. Rd7 b6 23. Rc1 Rxa2 24. Rcc7 Rf8 25. Rxa7 Rxa7 26. Rxa7
Rb8 27. Kf3 g6 28. Ke4 Re8+ 29. Kd3 Rd8+ 30. Kc3 Rc8+ 31. Kb2 Kg7 32. Rb7 Re8
33. Rxb6 Re2+ 34. Kc3 Rxf2 35. Rd6 g5 36. Rd2 Rf6 37. b4 Rb6 38. Rd5 Kg6 39. g4
h5 40. b5 Rf6 41. Rf5 Re6 42. Kd4 Re1 43. b6 Rb1 44. Kc5 Rb3 45. Kc6 Rxh3 46.
b7 hxg4 47. Ra5 Rh8 48. Ra8 g3 49. Rxh8 g2 50. b8=Q g1=Q 51. Qg8+ Kf6 52. Qd8+
Kg6 53. Qd3+ Kg7 54. Rh7+ Kg8 55. Rh3 Qg2+ 56. Kd6 Kg7 57. Qh7+ Kf6 58. Rh6#
1-0

[Event "Hamburg Harburg-ch MT"]
[Site "Hamburg"]
[Date "2003.06.22"]
[Round "4"]
[White "Menk, Rolf"]
[Black "Hebbinghaus, Holger"]
[Result "1/2-1/2"]
[WhiteElo "2130"]
[BlackElo "2273"]
[PlyCount "152"]
[EventDate "2003.06.20"]
[SourceDate "2003.01.01"]

1. d4 d5 2. c3 Nf6 3. Bf4 e6 4. e3 c5 5. Nd2 Nc6 6. Bd3 Be7 7. Ngf3 Nh5 8. O-O
Nxf4 9. exf4 O-O 10. Ne5 g6 11. Ndf3 Nxe5 12. fxe5 Bd7 13. Rc1 b5 14. Qd2 Kg7
15. dxc5 Bxc5 16. h4 h5 17. Qf4 Be7 18. Ng5 a5 19. Qg3 Bxg5 20. hxg5 Rc8 21.
Qf4 Rc7 22. Rfe1 Qe7 23. Rcd1 Rfc8 24. Re3 b4 25. cxb4 axb4 26. Rh3 b3 27. a3
Ra7 28. Bb1 Ba4 29. g4 Rc4 30. Qf6+ Qxf6 31. exf6+ Kg8 32. gxh5 Rg4+ 33. Rg3
Rxg3+ 34. fxg3 gxh5 35. Rc1 Bd7 36. Bd3 e5 37. Rc3 e4 38. Be2 d4 39. Rxb3 Ra5
40. Rb8+ Kh7 41. Rd8 Be6 42. Rxd4 Rxg5 43. Kf2 Bd5 44. a4 Kg6 45. a5 Kxf6 46.
a6 Ke5 47. Rb4 f5 48. a7 Rg7 49. Ra4 Ba8 50. Bxh5 Rh7 51. Be2 Rh2+ 52. Ke3 Rg2
53. Ra5+ Kf6 54. Ra6+ Ke5 55. Rg6 Rxg3+ 56. Rxg3 f4+ 57. Kf2 fxg3+ 58. Kxg3 Kd4
59. Kf4 Kc5 60. Bd1 Kb6 61. Bc2 Kxa7 62. Bxe4 Bxe4 63. Kxe4 Kb6 64. Kd4 Kb5 65.
Kc3 Kc5 66. Kb3 Kb5 67. Kc3 Kc5 68. b4+ Kb5 69. Kb3 Kb6 70. Kc4 Kc6 71. b5+ Kb6
72. Kb4 Kb7 73. Kc5 Kc7 74. b6+ Kb7 75. Kb5 Kb8 76. Ka6 Ka8 1/2-1/2